[Event "ODJM A 2017"]
[Site "Willingen GER"]
[Date "2017.06.08"]
[Round "7"]
[White "Meulner, Fabian"]
[Black "Steffens, Oliver"]
[Result "1-0"]
[Termination "normal"]
[Board "10"]
[WhiteElo "1969"]
[BlackElo "1948"]
[WhiteClock "00:45:01"]
[BlackClock "00:30:26"]
[PlyCount "91"]
[WhiteFideId "12913936"]
[BlackFideId "12947148"]
[EventCountry "GER"]
[EventRounds "9"]
[EventType "swiss"]
[EventDate "2017.06.03"]

1. e4 {[%clk 1:30:50]} 1... e5 {[%clk 1:30:44]} 2. f4 {[%clk 1:30:45]} 2... Bc5
{[%clk 1:28:17]} 3. Nf3 {[%clk 1:31:09]} 3... d6 {[%clk 1:24:35]} 4. Bc4 {
[%clk 1:31:26]} 4... Nf6 {[%clk 1:24:02]} 5. d3 {[%clk 1:31:09]} 5... O-O {
[%clk 1:17:10]} 6. Nc3 {[%clk 1:29:02]} 6... c6 {[%clk 1:13:39]} 7. fxe5 {
[%clk 1:25:06]} 7... dxe5 {[%clk 1:12:33]} 8. Qe2 {[%clk 1:25:13]} 8... Qe7 {
[%clk 1:03:53]} 9. Bg5 {[%clk 1:19:39]} 9... Nbd7 {[%clk 1:03:38]} 10. Nh4 {
[%clk 1:18:21]} 10... Re8 {[%clk 0:50:39]} 11. Rf1 {[%clk 1:11:23]} 11... h6 {
[%clk 0:42:40]} 12. Nf5 {[%clk 1:08:05]} 12... Qf8 {[%clk 0:42:01]} 13. Nxh6+ {
[%clk 1:05:43]} 13... gxh6 {[%clk 0:38:02]} 14. Bxf6 {[%clk 1:04:49]} 14...
Nxf6 {[%clk 0:34:10]} 15. Rxf6 {[%clk 1:05:04]} 15... Be6 {[%clk 0:33:44]} 16.
Bxe6 {[%clk 1:03:39]} 16... Rxe6 {[%clk 0:34:08]} 17. Qg4+ {[%clk 0:49:59]}
17... Qg7 {[%clk 0:30:16]} 18. Qxg7+ {[%clk 0:49:32]} 18... Kxg7 { [%clk
0:30:40]} 19. Rxe6 {[%clk 0:49:57]} 19... fxe6 {[%clk 0:31:03]} 20. Ke2 { [%clk
0:50:01]} 20... Rf8 {[%clk 0:30:42]} 21. Nd1 {[%clk 0:48:40]} 21... Rf6 { [%clk
0:28:17]} 22. Ne3 {[%clk 0:48:24]} 22... b5 {[%clk 0:25:58]} 23. Rf1 { [%clk
0:45:15]} 23... Rxf1 {[%clk 0:22:46]} 24. Nxf1 {[%clk 0:45:28]} 24... Bd6
{[%clk 0:21:40]} 25. Kf3 {[%clk 0:44:36]} 25... h5 {[%clk 0:18:52]} 26. h3 {
[%clk 0:40:59]} 26... b4 {[%clk 0:13:21]} 27. Ne3 {[%clk 0:38:55]} 27... Kf6 {
[%clk 0:10:18]} 28. Nc4 {[%clk 0:36:31]} 28... Bc7 {[%clk 0:10:09]} 29. g4 {
[%clk 0:27:59]} 29... Kg5 {[%clk 0:09:29]} 30. Kg3 {[%clk 0:26:40]} 30... Kg6 {
[%clk 0:08:53]} 31. Nd2 {[%clk 0:26:25]} 31... c5 {[%clk 0:07:08]} 32. Nf3 {
[%clk 0:26:38]} 32... Bd6 {[%clk 0:06:02]} 33. Kf2 {[%clk 0:26:10]} 33... Bc7 {
[%clk 0:03:15]} 34. Ke2 {[%clk 0:26:04]} 34... hxg4 {[%clk 0:02:13]} 35. hxg4 {
[%clk 0:26:22]} 35... Kf6 {[%clk 0:02:42]} 36. Kd2 {[%clk 0:26:13]} 36... a5 {
[%clk 0:02:49]} 37. a4 {[%clk 0:25:09]} 37... Bd6 {[%clk 0:01:03]} 38. c3 {
[%clk 0:25:30]} 38... b3 {[%clk 0:01:25]} 39. Ke3 {[%clk 0:25:01]} 39... Bf8 {
[%clk 0:00:49]} 40. g5+ {[%clk 0:16:55]} 40... Kg6 {[%clk 0:00:47]} 41. Nxe5+ {
[%clk 0:14:07]} 41... Kxg5 {[%clk 0:00:40]} 42. Nc4 {[%clk 0:14:25]} 42... Bg7
{[%clk 0:29:28]} 43. d4 {[%clk 0:44:02]} 43... cxd4+ {[%clk 0:29:36]} 44. cxd4
{[%clk 0:44:26]} 44... Kf6 {[%clk 0:30:02]} 45. Nxa5 {[%clk 0:44:40]} 45...
Bh6+ {[%clk 0:30:26]} 46. Kd3 {[%clk 0:45:01]} 1-0

[Event "ODJM A 2017"]
[Site "Willingen GER"]
[Date "2017.06.08"]
[Round "7"]
[White "Rieper, Julian"]
[Black "Reitz, Philipp"]
[Result "1-0"]
[Termination "normal"]
[Board "11"]
[WhiteElo "2064"]
[BlackElo "1954"]
[WhiteClock "00:54:49"]
[BlackClock "00:30:31"]
[PlyCount "125"]
[WhiteFideId "12936960"]
[BlackFideId "12973297"]
[EventCountry "GER"]
[EventRounds "9"]
[EventType "swiss"]
[EventDate "2017.06.03"]

1. e4 {[%clk 1:30:54]} 1... e5 {[%clk 1:30:56]} 2. Nf3 {[%clk 1:31:10]} 2...
Nc6 {[%clk 1:31:21]} 3. Bb5 {[%clk 1:31:01]} 3... Nge7 {[%clk 1:31:46]} 4. c3 {
[%clk 1:30:46]} 4... a6 {[%clk 1:25:58]} 5. Ba4 {[%clk 1:28:02]} 5... g6 {
[%clk 1:17:23]} 6. d4 {[%clk 1:27:26]} 6... Bg7 {[%clk 1:16:22]} 7. Nxe5 {
[%clk 1:24:47]} 7... Nxe5 {[%clk 1:16:18]} 8. dxe5 {[%clk 1:25:13]} 8... Bxe5 {
[%clk 1:15:24]} 9. O-O {[%clk 1:25:07]} 9... O-O {[%clk 1:13:23]} 10. Bh6 {
[%clk 1:24:18]} 10... Bg7 {[%clk 1:13:44]} 11. Bxg7 {[%clk 1:23:59]} 11... Kxg7
{[%clk 1:14:09]} 12. c4 {[%clk 1:23:51]} 12... d6 {[%clk 1:12:57]} 13. Nc3 {
[%clk 1:22:22]} 13... Nc6 {[%clk 1:10:21]} 14. Nd5 {[%clk 1:20:42]} 14... Be6 {
[%clk 0:59:12]} 15. Rc1 {[%clk 1:18:08]} 15... Rc8 {[%clk 0:48:41]} 16. a3 {
[%clk 1:12:56]} 16... h5 {[%clk 0:27:38]} 17. Rc3 {[%clk 1:04:52]} 17... Ne5 {
[%clk 0:19:30]} 18. f4 {[%clk 1:02:16]} 18... Bg4 {[%clk 0:16:38]} 19. Qd2 {
[%clk 1:00:24]} 19... Nxc4 {[%clk 0:15:34]} 20. Rxc4 {[%clk 0:59:39]} 20... b5
{[%clk 0:15:42]} 21. Qc3+ {[%clk 0:58:18]} 21... f6 {[%clk 0:14:30]} 22. Rxc7+
{[%clk 0:56:55]} 22... Rxc7 {[%clk 0:14:54]} 23. Nxc7 {[%clk 0:56:47]} 23...
bxa4 {[%clk 0:15:13]} 24. h3 {[%clk 0:56:29]} 24... Bd7 {[%clk 0:15:39]} 25.
Rd1 {[%clk 0:56:23]} 25... Qe7 {[%clk 0:15:38]} 26. Qd4 {[%clk 0:52:51]} 26...
Bc8 {[%clk 0:06:26]} 27. Nd5 {[%clk 0:51:47]} 27... Qe8 {[%clk 0:04:05]} 28.
Rc1 {[%clk 0:49:51]} 28... Be6 {[%clk 0:03:07]} 29. Rc7+ {[%clk 0:49:20]} 29...
Rf7 {[%clk 0:01:57]} 30. Qxf6+ {[%clk 0:49:42]} 30... Kh7 {[%clk 0:02:19]} 31.
f5 {[%clk 0:48:18]} 31... gxf5 {[%clk 0:00:45]} 32. Rxf7+ {[%clk 0:40:11]}
32... Qxf7 {[%clk 0:01:07]} 33. Qxf7+ {[%clk 0:40:04]} 33... Bxf7 { [%clk
0:01:32]} 34. Nc3 {[%clk 0:40:10]} 34... fxe4 {[%clk 0:01:30]} 35. Nxe4 { [%clk
0:40:31]} 35... d5 {[%clk 0:01:50]} 36. Ng5+ {[%clk 0:40:17]} 36... Kg6 { [%clk
0:02:11]} 37. Nxf7 {[%clk 0:40:35]} 37... Kxf7 {[%clk 0:02:37]} 38. g3 { [%clk
0:40:45]} 38... Kf6 {[%clk 0:03:02]} 39. Kf2 {[%clk 0:41:06]} 39... d4 { [%clk
0:01:31]} 40. Ke2 {[%clk 0:41:20]} 40... Kf5 {[%clk 0:00:36]} 41. Kd3 { [%clk
0:41:32]} 41... Ke5 {[%clk 0:00:59]} 42. g4 {[%clk 0:33:20]} 42... h4 { [%clk
0:01:12]} 43. g5 {[%clk 0:32:44]} 43... Kf5 {[%clk 0:01:33]} 44. Kxd4 { [%clk
0:32:59]} 44... a5 {[%clk 0:29:51]} 45. g6 {[%clk 1:03:32]} 45... Kxg6 { [%clk
0:30:10]} 46. Ke4 {[%clk 1:03:40]} 46... Kf6 {[%clk 0:29:45]} 47. Kf4 { [%clk
1:03:24]} 47... Ke6 {[%clk 0:30:08]} 48. Kg4 {[%clk 1:02:31]} 48... Kd5 { [%clk
0:30:33]} 49. Kxh4 {[%clk 1:02:49]} 49... Kc4 {[%clk 0:30:58]} 50. Kg4 { [%clk
1:03:11]} 50... Kb3 {[%clk 0:31:21]} 51. h4 {[%clk 1:03:34]} 51... Kxb2 { [%clk
0:31:45]} 52. h5 {[%clk 1:04:01]} 52... Kxa3 {[%clk 0:31:56]} 53. h6 { [%clk
1:04:22]} 53... Kb2 {[%clk 0:31:50]} 54. h7 {[%clk 1:04:47]} 54... a3 { [%clk
0:32:18]} 55. h8=Q+ {[%clk 1:05:03]} 55... Kb1 {[%clk 0:32:42]} 56. Qb8+ {[%clk
1:04:28]} 56... Kc2 {[%clk 0:32:10]} 57. Qh2+ {[%clk 0:57:46]} 57... Kb1 {[%clk
0:31:49]} 58. Qg1+ {[%clk 0:58:05]} 58... Kb2 {[%clk 0:31:40]} 59. Qf2+ {[%clk
0:58:17]} 59... Kb1 {[%clk 0:31:32]} 60. Qf1+ {[%clk 0:58:21]} 60... Kb2 {[%clk
0:31:21]} 61. Qb5+ {[%clk 0:56:01]} 61... Kc2 {[%clk 0:30:07]} 62. Qxa5 {[%clk
0:54:31]} 62... Kb2 {[%clk 0:30:31]} 63. Qb4+ {[%clk 0:54:49]} 1-0

[Event "ODJM A 2017"]
[Site "Willingen GER"]
[Date "2017.06.08"]
[Round "7"]
[White "Engel, Robert"]
[Black "Longo, Claudio"]
[Result "1-0"]
[Termination "normal"]
[Board "12"]
[WhiteElo "1887"]
[BlackElo "1979"]
[WhiteClock "00:19:04"]
[BlackClock "01:19:29"]
[PlyCount "71"]
[WhiteFideId "12974684"]
[BlackFideId "12994766"]
[EventCountry "GER"]
[EventRounds "9"]
[EventType "swiss"]
[EventDate "2017.06.03"]

1. e4 d5 2. exd5 Nf6 3. d4 Nxd5 4. Nf3 Bg4 5. c4 Nb6 6. c5 N6d7 7. Bc4 e6 8.
Be3 Be7 9. O-O O-O 10. h3 Bh5 11. Qb3 b6 12. Nc3 c6 13. Ne4 b5 14. Be2 Nf6 15.
Ng3 Bg6 16. a4 bxa4 17. Qb7 Nd5 18. Qxa8 Qc7 19. Rxa4 Na6 20. Qxf8+ Bxf8 21.
Rxa6 Nxe3 22. fxe3 Qxg3 23. Rxc6 Bf5 24. h4 h6 25. Ra6 g5 26. hxg5 hxg5 27.
Rxa7 g4 28. Ra3 Be4 29. b4 gxf3 30. Bxf3 Bxf3 31. Rxf3 Qe1+ 32. Kh2 Qxb4 33.
Rg3+ Kh7 34. Ra7 Bxc5 35. Rxf7+ Kh8 36. dxc5 1-0

[Event "ODJM A 2017"]
[Site "Willingen GER"]
[Date "2017.06.08"]
[Round "7"]
[White "Seregina, Maria"]
[Black "Joeres, Stefan"]
[Result "1-0"]
[Termination "normal"]
[Board "13"]
[WhiteElo "1829"]
[BlackElo "1995"]
[PlyCount "77"]
[WhiteFideId "24178853"]
[BlackFideId "12983160"]
[EventCountry "GER"]
[EventRounds "9"]
[EventType "swiss"]
[EventDate "2017.06.03"]

1. f4 d5 2. Nf3 Nf6 3. g3 c6 4. Bg2 Qb6 5. e3 Bf5 6. O-O Nbd7 7. b3 e6 8. Bb2
Bc5 9. d4 Be7 10. Nbd2 O-O 11. Ne5 Nxe5 12. fxe5 Ng4 13. Qf3 Bg5 14. Rfe1 Bxe3+
15. Rxe3 Nxe3 16. Qxe3 Bxc2 17. Ba3 Rfd8 18. Bd6 Qa6 19. Bf1 Qa5 20. a4 Rd7 21.
b4 Qd8 22. Bd3 Bxd3 23. Qxd3 Rxd6 24. exd6 Qxd6 25. Nf3 f6 26. Rb1 Re8 27. b5
c5 28. Qa3 Rc8 29. Rc1 b6 30. Ne1 e5 31. dxc5 bxc5 32. Nd3 Qb6 33. Rxc5 e4 34.
a5 Qd8 35. Rxc8 Qxc8 36. Nf4 g5 37. Nxd5 Qc2 38. Nc3 Qd3 39. Qc5 1-0

[Event "ODJM A 2017"]
[Site "Willingen GER"]
[Date "2017.06.08"]
[Round "7"]
[White "Englert, Jon"]
[Black "Wübker, Paul-Luca"]
[Result "1/2-1/2"]
[Termination "normal"]
[Board "14"]
[WhiteElo "1929"]
[BlackElo "1806"]
[PlyCount "124"]
[WhiteFideId "12992275"]
[BlackFideId "12939528"]
[EventCountry "GER"]
[EventRounds "9"]
[EventType "swiss"]
[EventDate "2017.06.03"]

1. c4 Nf6 2. Nf3 e6 3. g3 d5 4. Bg2 Be7 5. O-O O-O 6. b3 b6 7. Bb2 Bb7 8. e3 c5
9. Nc3 dxc4 10. bxc4 Nc6 11. d4 cxd4 12. Nxd4 Na5 13. Bxb7 Nxb7 14. Nc6 Qc7 15.
Nxe7+ Qxe7 16. Qe2 Rfc8 17. Nb5 a6 18. Nd4 Na5 19. Rac1 Qb4 20. Bc3 Qc5 21.
Bxa5 Qxa5 22. Rc2 Rc7 23. Rd1 h6 24. Rdc1 Rac8 25. Kg2 Nd7 26. Nb3 Qa4 27. h3
Ne5 28. c5 Qe4+ 29. f3 Qd3 30. Qxd3 Nxd3 31. Rd1 Nxc5 32. Rd6 Nxb3 33. Rxc7
Rxc7 34. axb3 Rb7 35. Rd8+ Kh7 36. f4 Kg6 37. b4 h5 38. Ra8 Kf6 39. Rxa6 Ke7
40. Ra2 Kd6 41. Rc2 Rc7 42. Rd2+ Kc6 43. Rc2+ Kb7 44. Ra2 Rd7 45. b5 Rd5 46.
Rb2 Kc7 47. Ra2 Kd7 48. Ra7+ Ke8 49. g4 hxg4 50. hxg4 Rxb5 51. g5 g6 52. Ra8+
Ke7 53. Ra7+ Kf8 54. Ra8+ Kg7 55. Rb8 Rb2+ 56. Kf3 Rb4 57. Rb7 b5 58. Rb8 Rb1
59. Ke4 b4 60. Kd3 b3 61. Kc3 Rf1 62. Kd2 Rb1 1/2-1/2

[Event "ODJM A 2017"]
[Site "Willingen GER"]
[Date "2017.06.08"]
[Round "7"]
[White "Hinrichs, Niklas"]
[Black "Riegel, Arinna"]
[Result "0-1"]
[Termination "normal"]
[Board "15"]
[WhiteElo "1930"]
[BlackElo "1852"]
[PlyCount "108"]
[WhiteFideId "12942499"]
[BlackFideId "12931446"]
[EventCountry "GER"]
[EventRounds "9"]
[EventType "swiss"]
[EventDate "2017.06.03"]

1. d4 d5 2. c4 e6 3. Nc3 Nf6 4. cxd5 exd5 5. Bg5 c6 6. Qc2 h6 7. Bh4 Be7 8. e3
Be6 9. Nf3 Nbd7 10. h3 Bd6 11. O-O-O Qc7 12. Kb1 g5 13. Bg3 Bxg3 14. fxg3 Qxg3
15. Bd3 g4 16. hxg4 Nxg4 17. Rc1 Nf2 18. e4 Nxh1 19. exd5 cxd5 20. Rxh1 Qf4 21.
Nh4 O-O 22. Bf5 Rfe8 23. Bd3 Rac8 24. g3 Qxd4 25. Qd2 Qf6 26. Bc2 Ne5 27. g4
Qg5 28. Qd1 Red8 29. Nf5 Bxf5 30. gxf5 Kf8 31. Rg1 Qe3 32. Re1 Qf4 33. Ne2 Qf3
34. Qd2 Ng4 35. Nd4 Qf2 36. Re2 Qf1+ 37. Re1 Qf2 38. Re2 Qg1+ 39. Bd1 Rc4 40.
Nf3 Qc5 41. Bb3 Rb4 42. Re1 Rb6 43. Rg1 Qb4 44. Qg2 h5 45. Rh1 Ne3 46. Qg5 Qe4+
47. Ka1 Rc8 48. f6 Nf5 49. Rg1 Ke8 50. Qg8+ Kd7 51. Qxf7+ Kd6 52. Rd1 Ne3 53.
Re1 Rbc6 54. a3 Rc1+ 0-1

[Event "ODJM A 2017"]
[Site "Willingen GER"]
[Date "2017.06.08"]
[Round "7"]
[White "Yi, Danny"]
[Black "Greßmann, Hanna"]
[Result "1-0"]
[Termination "normal"]
[Board "16"]
[WhiteElo "2066"]
[BlackElo "1840"]
[PlyCount "37"]
[WhiteFideId "12988588"]
[BlackFideId "12930709"]
[EventCountry "GER"]
[EventRounds "9"]
[EventType "swiss"]
[EventDate "2017.06.03"]

1. e4 e5 2. Nf3 Nc6 3. Bc4 Bc5 4. O-O d6 5. d3 Nf6 6. c3 a6 7. a4 Ba7 8. h3 O-O
9. Re1 Be6 10. Na3 h6 11. b4 Bxc4 12. Nxc4 Nh5 13. Qb3 Qf6 14. Be3 Nf4 15. Bxf4
Qxf4 16. b5 Nd8 17. b6 Bb8 18. bxc7 Bxc7 19. Ne3 1-0

[Event "ODJM A 2017"]
[Site "Willingen GER"]
[Date "2017.06.08"]
[Round "7"]
[White "Isler, Benjamin"]
[Black "Munkhjargal, Narmandakh"]
[Result "1-0"]
[Termination "normal"]
[Board "17"]
[WhiteElo "1740"]
[BlackElo "1957"]
[PlyCount "49"]
[WhiteFideId "12975478"]
[BlackFideId "4903382"]
[EventCountry "GER"]
[EventRounds "9"]
[EventType "swiss"]
[EventDate "2017.06.03"]

1. e4 c5 2. d4 cxd4 3. c3 dxc3 4. Nxc3 Nc6 5. Nf3 d6 6. Bc4 e6 7. O-O Nf6 8.
Qe2 a6 9. Rd1 Qc7 10. Bf4 e5 11. Bg3 Bg4 12. Rac1 Nd4 13. Rxd4 exd4 14. e5 dxe5
15. Bxe5 Qe7 16. Bb5+ axb5 17. Nxb5 Nd5 18. Nd6+ Kd8 19. Qb5 Qe6 20. Ng5 Qd7
21. Qxd5 Bxd6 22. Nxf7+ Ke7 23. Bxd6+ Kf6 24. Rc7 Qe6 25. Qg5# 1-0

[Event "ODJM A 2017"]
[Site "Willingen GER"]
[Date "2017.06.08"]
[Round "7"]
[White "Gorainow, Nikita"]
[Black "Terhuven, Patrick"]
[Result "1-0"]
[Termination "normal"]
[Board "18"]
[WhiteElo "1812"]
[BlackElo "2171"]
[PlyCount "81"]
[WhiteFideId "12970093"]
[BlackFideId "12919098"]
[EventCountry "GER"]
[EventRounds "9"]
[EventType "swiss"]
[EventDate "2017.06.03"]

1. e4 e5 2. Nf3 Nc6 3. Nc3 Nf6 4. Bb5 Bd6 5. O-O O-O 6. d4 exd4 7. Nxd4 Re8 8.
Re1 Nxd4 9. Qxd4 Qe7 10. Qd1 c6 11. Bd3 h6 12. f4 Bc5+ 13. Kf1 d6 14. h3 g6 15.
Bd2 Ng4 16. hxg4 Qh4 17. Be3 Qh1+ 18. Kf2 Qh4+ 19. Kg1 Bxg4 20. Qd2 Bb4 21. Qf2
Qh5 22. a3 Ba5 23. b4 Bd8 24. Be2 Bf6 25. Bd4 Bd8 26. Bxg4 Qxg4 27. Qf3 Qe6 28.
Rad1 a5 29. Qh3 Qxh3 30. gxh3 Bc7 31. Rf1 b6 32. b5 c5 33. Nd5 Bd8 34. Nf6+
Bxf6 35. Bxf6 Rxe4 36. Rxd6 g5 37. fxg5 hxg5 38. Rxb6 g4 39. Rf5 Kh7 40. Rh5+
Kg6 41. Rg5+ 1-0

[Event "ODJM A 2017"]
[Site "Willingen GER"]
[Date "2017.06.08"]
[Round "7"]
[White "Herbrig, Marie-Helén"]
[Black "Schnabel, Bennett"]
[Result "1/2-1/2"]
[Termination "normal"]
[Board "19"]
[WhiteElo "1884"]
[BlackElo "2137"]
[PlyCount "82"]
[WhiteFideId "12900427"]
[BlackFideId "12943290"]
[EventCountry "GER"]
[EventRounds "9"]
[EventType "swiss"]
[EventDate "2017.06.03"]

1. d4 f5 2. Nf3 Nf6 3. c4 g6 4. Nc3 d6 5. Bf4 Bg7 6. e3 O-O 7. Bd3 h6 8. O-O g5
9. Bg3 Qe8 10. c5 dxc5 11. Bxc7 Nc6 12. dxc5 Be6 13. Rc1 Rc8 14. Bg3 Nh5 15. a3
a5 16. Bb5 Qg6 17. Qa4 f4 18. exf4 gxf4 19. Bh4 Bh3 20. Ne1 Bf6 21. Bxf6 Bxg2
22. Bh4 Bh3+ 23. Kh1 Bxf1 24. Bxf1 f3 25. Qe4 Qxe4 26. Nxe4 Rf4 27. Nxf3 Rxe4
28. Bc4+ Kh8 29. Bd3 Rf4 30. Be2 Rcf8 31. Rc3 Re4 32. Re3 Rg4 33. Bxe7 Rfg8 34.
Bd6 Nf6 35. h3 Re4 36. Ne5 Rxe3 37. fxe3 Ne4 38. Nxc6 bxc6 39. Be5+ Kh7 40. Bd3
Re8 41. Bd4 Kg6 1/2-1/2

[Event "ODJM A 2017"]
[Site "Willingen GER"]
[Date "2017.06.08"]
[Round "7"]
[White "Greßmann, Moritz"]
[Black "Wensing, Maximilian"]
[Result "1/2-1/2"]
[Termination "normal"]
[Board "20"]
[WhiteElo "2100"]
[BlackElo "1922"]
[PlyCount "41"]
[WhiteFideId "24695084"]
[BlackFideId "16222415"]
[EventCountry "GER"]
[EventRounds "9"]
[EventType "swiss"]
[EventDate "2017.06.03"]

1. e4 c5 2. Nf3 d6 3. Bb5+ Nd7 4. d4 Ngf6 5. Nc3 cxd4 6. Qxd4 a6 7. Bxd7+ Bxd7
8. h3 h6 9. Be3 e5 10. Qd3 Be6 11. a4 Rc8 12. a5 Be7 13. Qd2 Qc7 14. O-O Qc6
15. Ra4 Bc4 16. Rfa1 O-O 17. Ne1 d5 18. exd5 Bxd5 19. Nxd5 Nxd5 20. c3 Rfd8 21.
Qe2 1/2-1/2

[Event "ODJM A 2017"]
[Site "Willingen GER"]
[Date "2017.06.08"]
[Round "7"]
[White "Dette, Jan"]
[Black "Irkilmez, Yakub"]
[Result "1/2-1/2"]
[Termination "normal"]
[Board "21"]
[WhiteElo "2032"]
[BlackElo "1921"]
[PlyCount "40"]
[WhiteFideId "12936677"]
[BlackFideId "16204581"]
[EventCountry "GER"]
[EventRounds "9"]
[EventType "swiss"]
[EventDate "2017.06.03"]

1. f4 d5 2. Nf3 Nf6 3. g3 c6 4. Bg2 Qc7 5. O-O Bg4 6. Ne5 Bf5 7. d3 e6 8. Nc3
Bc5+ 9. Kh1 Nbd7 10. e4 dxe4 11. Nxd7 Qxd7 12. Nxe4 Bxe4 13. Bxe4 Nxe4 14. dxe4
O-O-O 15. Qf3 h5 16. Be3 Bxe3 17. Qxe3 Qd4 18. Qxd4 Rxd4 19. Rad1 Rhd8 20. Rxd4
Rxd4 1/2-1/2

[Event "ODJM A 2017"]
[Site "Willingen GER"]
[Date "2017.06.08"]
[Round "7"]
[White "Diegel, Jonas"]
[Black "Stemmler, Fabian"]
[Result "0-1"]
[Termination "normal"]
[Board "22"]
[WhiteElo "1554"]
[BlackElo "1982"]
[PlyCount "52"]
[WhiteFideId "16206061"]
[BlackFideId "12964808"]
[EventCountry "GER"]
[EventRounds "9"]
[EventType "swiss"]
[EventDate "2017.06.03"]

1. e4 c5 2. Nf3 d6 3. d4 cxd4 4. Nxd4 Nf6 5. Nc3 a6 6. a4 e6 7. Bd3 Nc6 8. Be3
Be7 9. O-O Qc7 10. Qe2 b6 11. Rad1 O-O 12. f3 Bb7 13. Qf2 Nd7 14. Rfe1 Rac8 15.
Nce2 Nb4 16. c3 Nxd3 17. Rxd3 Nc5 18. Rd2 Nxa4 19. g4 b5 20. h4 Rfd8 21. g5 Nc5
22. h5 d5 23. exd5 Rxd5 24. g6 e5 25. b4 exd4 26. Nxd4 Nd7 0-1

[Event "ODJM A 2017"]
[Site "Willingen GER"]
[Date "2017.06.08"]
[Round "7"]
[White "Kruglikova, Viktorija"]
[Black "Schimnatkowski, Lukas"]
[Result "0-1"]
[Termination "normal"]
[Board "23"]
[WhiteElo "1788"]
[BlackElo "2021"]
[PlyCount "92"]
[WhiteFideId "34120596"]
[BlackFideId "12936723"]
[EventCountry "GER"]
[EventRounds "9"]
[EventType "swiss"]
[EventDate "2017.06.03"]

1. e4 c5 2. Nf3 d6 3. c3 Nf6 4. Bc4 Nbd7 5. Qe2 e6 6. O-O Be7 7. d4 d5 8. e5
Ne4 9. Bd3 f5 10. Bxe4 dxe4 11. Ne1 cxd4 12. cxd4 Nb6 13. Nc2 Nd5 14. Qh5+ g6
15. Qe2 Bd7 16. f3 exf3 17. Qxf3 Bc6 18. Qb3 Qb6 19. Qxb6 Nxb6 20. Nc3 Rd8 21.
Be3 Nc4 22. Bc1 g5 23. b3 Nb6 24. Be3 Nd5 25. Nxd5 Bxd5 26. Ne1 Rc8 27. Nf3 h6
28. Rac1 Kd7 29. Rxc8 Rxc8 30. Rc1 Rxc1+ 31. Bxc1 Bxf3 32. gxf3 Kc6 33. Kf2 b5
34. a3 Kd7 35. Ke3 Kc6 36. Kd3 Kd5 37. Bb2 h5 38. Ke3 Bf8 39. Kd3 g4 40. Ke3
Bh6+ 41. f4 Bf8 42. Kd3 Be7 43. Bc1 h4 44. Be3 Bxa3 45. Bf2 h3 46. Bg3 Bb2 0-1

[Event "ODJM A 2017"]
[Site "Willingen GER"]
[Date "2017.06.08"]
[Round "7"]
[White "Grund, Sebastian"]
[Black "Knudsen, Simon"]
[Result "1-0"]
[Termination "normal"]
[Board "24"]
[WhiteElo "1840"]
[BlackElo "2004"]
[PlyCount "105"]
[WhiteFideId "12988626"]
[BlackFideId "12985546"]
[EventCountry "GER"]
[EventRounds "9"]
[EventType "swiss"]
[EventDate "2017.06.03"]

1. d4 d5 2. Nf3 Nc6 3. c4 Bg4 4. Nc3 e6 5. e3 Nf6 6. Be2 Bb4 7. O-O O-O 8. Qb3
dxc4 9. Qxc4 a6 10. Rd1 Qe7 11. d5 Bxf3 12. Bxf3 Ne5 13. Qe2 Bxc3 14. bxc3
Nxf3+ 15. Qxf3 exd5 16. c4 c6 17. cxd5 Nxd5 18. e4 Nf6 19. Ba3 Qxe4 20. Qxe4
Nxe4 21. Bxf8 Kxf8 22. f3 Nf6 23. Rab1 b5 24. Rd6 c5 25. Rc6 c4 26. a4 Rb8 27.
Rxc4 g6 28. Rc6 Nd5 29. Rxa6 b4 30. Ra5 Nc3 31. Rb3 Kg7 32. Rc5 Nxa4 33. Rc4 h5
34. Rcxb4 Rxb4 35. Rxb4 Nc5 36. Rc4 Nd3 37. f4 Kf6 38. Kf1 g5 39. fxg5+ Kxg5
40. Ke2 Ne5 41. Rc5 Kf4 42. Ra5 f6 43. Ra4+ Kg5 44. h4+ Kf5 45. Ke3 Ng4+ 46.
Kf3 Ne5+ 47. Kg3 Ng4 48. Rf4+ Kg6 49. Rxg4+ hxg4 50. Kxg4 f5+ 51. Kf4 Kh5 52.
Kxf5 Kxh4 53. g4 1-0

[Event "ODJM A 2017"]
[Site "Willingen GER"]
[Date "2017.06.08"]
[Round "7"]
[White "Gutschenreiter, Donato"]
[Black "Tresch, Lukas"]
[Result "0-1"]
[Termination "normal"]
[Board "25"]
[WhiteElo "1701"]
[BlackElo "2043"]
[PlyCount "52"]
[WhiteFideId "12975540"]
[BlackFideId "12938866"]
[EventCountry "GER"]
[EventRounds "9"]
[EventType "swiss"]
[EventDate "2017.06.03"]

1. e4 c5 2. Nf3 d6 3. d4 cxd4 4. Nxd4 Nf6 5. Nc3 Nc6 6. f3 Nxd4 7. Qxd4 g6 8.
Be3 Bg7 9. O-O-O O-O 10. Qd2 Be6 11. Be2 Rc8 12. Kb1 a6 13. g4 Rxc3 14. Qxc3
Nxe4 15. Qb4 Nf6 16. Qxb7 Qa5 17. Qxa6 Bxa2+ 18. Ka1 Ra8 19. Qxa5 Rxa5 20. Bb6
Ra8 21. Rhe1 Nd5 22. Bd4 Nb4 23. Rc1 Bxd4 24. c3 Bb3+ 25. Kb1 Ba2+ 26. Ka1 Be3
0-1

[Event "ODJM A 2017"]
[Site "Willingen GER"]
[Date "2017.06.08"]
[Round "7"]
[White "Dechant, Georg"]
[Black "Weinkauf, Viktor"]
[Result "1-0"]
[Termination "normal"]
[Board "29"]
[WhiteElo "2031"]
[BlackElo "1732"]
[PlyCount "61"]
[WhiteFideId "12956716"]
[BlackFideId "1272036"]
[EventCountry "GER"]
[EventRounds "9"]
[EventType "swiss"]
[EventDate "2017.06.03"]

1. e4 c5 2. Nf3 e6 3. d4 cxd4 4. Nxd4 a6 5. Bd3 Nf6 6. O-O d6 7. Be3 Be7 8. c4
b6 9. Nc3 O-O 10. Qe2 Bb7 11. f4 Nbd7 12. Nb3 Qc7 13. Rad1 Rac8 14. Nd2 Rfe8
15. a3 Qb8 16. g4 g6 17. g5 Nh5 18. Qf2 d5 19. cxd5 exd5 20. Be2 Ng7 21. f5 Bd6
22. fxg6 fxg6 23. Qf7+ Kh8 24. Qxd7 Bxh2+ 25. Kh1 dxe4 26. Qh3 Be5 27. Nc4 Nf5
28. Rxf5 gxf5 29. Nxe5 Rxe5 30. Rd7 f4 31. Qxh7# 1-0

[Event "ODJM A 2017"]
[Site "Willingen GER"]
[Date "2017.06.08"]
[Round "7"]
[White "von Estorff, Jacob"]
[Black "Ostra, Noah"]
[Result "0-1"]
[Termination "normal"]
[Board "30"]
[WhiteElo "1987"]
[BlackElo "1647"]
[PlyCount "52"]
[WhiteFideId "12974501"]
[BlackFideId "16228979"]
[EventCountry "GER"]
[EventRounds "9"]
[EventType "swiss"]
[EventDate "2017.06.03"]

1. e4 c5 2. Nf3 d6 3. d4 cxd4 4. Nxd4 Nf6 5. Nc3 a6 6. h3 e6 7. g4 d5 8. Bg2
dxe4 9. Nxe4 Nxe4 10. Bxe4 Nd7 11. O-O Qc7 12. Bg2 Be7 13. Re1 O-O 14. Qe2 Bd6
15. c4 Ne5 16. b3 Bd7 17. Bd2 Nc6 18. Nf3 Bc5 19. Bc3 Ne7 20. Rad1 Rad8 21. Qc2
Bc6 22. Ng5 Ng6 23. Ne4 Ba7 24. Qb1 f5 25. Ng5 Qg3 26. Rd5 Nf4 0-1